=LDR 00000nam 2200000 4500 =001 INLIS000000000027185 =005 20210223065101 =035 ##$$a 0010-061300000027185 =008 210223################g##########0#ind## =041 ##$$a Ind =082 ##$$a 371.2 =090 ##$$a 371.2, Kom v =100 ##$$a Komariah, Aan =245 1#$$a Visionary leadership : $b menuju sekolah efektif /$c Dr. Aan Komariah, M.Pd, Cepi Triatna, S.Pd =260 ##$$a Jakarta :$b Bumi Aksara,$c 2005 =300 ##$$a xi, 134 hlm. : $b ilus ; $c 23 x 15,5 cm. =650 #4$$a Manajemen dan organisasi sekolah =700 #$$a Triatna, Cepi =850 ##$$a NBPNMAT =020 ##$$a 979-526-705-1 =084 ##$$a 371.2 KOM v =250 ##$$a cet. 1 =520 ##$$a Bibliografi : hlm. 127-132 =990 ##$$a 00087174 =990 ##$$a 00087867 =990 ##$$a 00086356 =990 ##$$a 20708522